Better ways to manage risk (Record no. 71099)

MARC details
000 -LEADER
fixed length control field 00934cam a2200217 4500
001 - CONTROL NUMBER
control field WB3832-05
008 - FIXED-LENGTH DATA ELEMENTS--GENERAL INFORMATION
fixed length control field 020905n2002 000 0 eng u
035 ## - SYSTEM CONTROL NUMBER
System control number (Sirsi) u119581
245 ## - TITLE STATEMENT
Title Better ways to manage risk
260 ## - PUBLICATION, DISTRIBUTION, ETC.
Date of publication, distribution, etc. 2002
490 ## - SERIES STATEMENT
Series statement Contract Journal
Volume/sequential designation 415(6393) 4 September 2002, 6(1)
520 ## - SUMMARY, ETC.
Summary, etc. The Office of Government Commerce (OGC) warns that better risk management is needed in public sector procurement to ensure government projects are delivered on time and within budget. OGC to help, has issued a CD-Rom "Management of risk: guidance for practitioners", that sets out a framework for decision-making at strategic, programme, project and operational level. OGC website http://www.ogc.gov.uk
590 ## - LOCAL NOTE (RLIN)
Local note WB
650 ## - SUBJECT ADDED ENTRY--TOPICAL TERM
Topical term or geographic name entry element RISK MANAGEMENT
650 ## - SUBJECT ADDED ENTRY--TOPICAL TERM
Topical term or geographic name entry element GUIDANCE
650 ## - SUBJECT ADDED ENTRY--TOPICAL TERM
Topical term or geographic name entry element PUBLIC SECTOR PROCUREMENT
650 ## - SUBJECT ADDED ENTRY--TOPICAL TERM
Topical term or geographic name entry element PROJECTS
650 ## - SUBJECT ADDED ENTRY--TOPICAL TERM
Topical term or geographic name entry element GOVERNMENT
690 ## - LOCAL SUBJECT ADDED ENTRY--TOPICAL TERM (OCLC, RLIN)
Topical term or geographic name as entry element BUILT ENVIRONMENT
942 ## - ADDED ENTRY ELEMENTS (KOHA)
Suppress in OPAC 0
Holdings
Withdrawn status Lost status Source of classification or shelving scheme Damaged status Not for loan Home library Current library Shelving location Date acquired Total Checkouts Full call number Barcode Date last seen Copy number Price effective from Koha item type
    Dewey Decimal Classification     London London News article 05/09/2002   WB3832-05 119581-1001 06/08/2019 1 06/08/2019 News article